000 nam a22 7a 4500
999 _c8326
_d8326
008 171229b xxu||||| |||| 00| 0 eng d
100 _aDelhi Publishing
_94743
245 _aAmerican Heritage new pictorial Encyclopedia Guide to the United States
_bOhio Oklahoma Oregon
250 _avol 11
260 _aNew York